Memori tri + nani

Bibliographic Details
Main Author: Illa Shanahila
Format: Book
Published: Selangor Idea Kraetif Publication , 2016
Series:Novel
Subjects:

MARC

LEADER 00000cam a2200000 7i4500
001 0000084851
005 20200115.0
008 200115
020 |a 9789670718569 
090 0 0 |a ILL   |b MAL 
100 1 |a Illa Shanahila 
245 1 4 |a Memori tri + nani   |c Illa Shanahila 
260 |a Selangor   |a Idea Kraetif Publication ,   |c 2016 
300 |a 18.5mm :   |b 585pg 
490 0 |a Novel 
500 |a Dewasa 
650 0 |a Malay fiction 
650 0 |a Novel cinta 
999 |a 0001592292   |b Book   |c Adult Collection   |e Cawangan Bandar Tenggara